Žltý kov sa už štyri roky drží na výslní

Stručná charakteristika tzv. drahých kovov -zlata, striebra, platiny a paládia. Trh s diamantami. Rast cien zlata. Faktory ovplyvňujúce cenu zlata. Spôsoby obchodovania pri dlhodobom raste ceny zlata.

Na minha lista:
Detalhes bibliográficos
Autor principal: Onuferová, Marianna
Formato: Capítulo de Livro
Idioma:eslovaco
Assuntos:
Tags: Adicionar Tag
Sem tags, seja o primeiro a adicionar uma tag!

MARC

LEADER 00000naa$a2200000$$$4500
001 0034603
005 20231004130751.2
041 0 |a slo 
044 |a SK 
245 1 0 |a Žltý kov sa už štyri roky drží na výslní  |c Marianna Onuferová 
520 |a Stručná charakteristika tzv. drahých kovov -zlata, striebra, platiny a paládia. Trh s diamantami. Rast cien zlata. Faktory ovplyvňujúce cenu zlata. Spôsoby obchodovania pri dlhodobom raste ceny zlata. 
610 2 0 |a zlato 
610 2 0 |a kovy drahé 
610 2 0 |a obchody burzové 
610 2 0 |a cena zlata 
610 2 0 |a dolár 
100 1 |a Onuferová, Marianna